| 000 | 00640nam a2200217Ia 4500 | ||
|---|---|---|---|
| 003 | OSt | ||
| 005 | 20220923211704.0 | ||
| 006 | a|||||r|||| 00| 0 | ||
| 007 | ta | ||
| 008 | Pun | ||
| 024 | _a42,967 | ||
| 037 | _cTextual | ||
| 040 |
_aARTS _cARTS _bPun |
||
| 041 |
_2Pun _aPun |
||
| 082 | _aO153,2N18:g, L1 | ||
| 100 |
_aਜੋFੀ, ਠਾਕਰ ਦੱਤ _9161316 |
||
| 245 | 0 | _aਬਲਵੰਤ ਗਾਰਗੀ ਦੀ ਨਾਟਕ ਕਲਾ | |
| 260 |
_aਜਲੰਧਰ _b ਨਿਊ ਬੁਕ ਕੰਪਨੀ _c1971 |
||
| 942 |
_hO153,2N18:g, L1 _cTEXL _2CC |
||
| 999 |
_c302617 _d302617 |
||